=LDR 00000nam 2200000 4500 =001 INLIS000000000024918 =005 20130612123452 =008 ***********************************ind** =035 ##$$a0010-061300000024918 =041 ##$$a ind =082 ##$$a 2x2.1 =090 ##$$a 2x2.1, ALK h =100 ##$$a Al-Khatib, Muhammad Ajaj =245 ##$$a Hadits Nabi sebelum dibukukan, Muhammad Ajaj Al-Khatib; penerjemah, AH.Akrom Fahmi =260 ##$$a 1999 $b Jakarta =300 ##$$a 564 hlm., 24 cm =650 ##$$a Hadits =700 ##$$a Fahmi, AH.Akrom =850 ##$$a NBPNMAT =990 ##$$a 0001/BPAP-NTB/20142014 =990 ##$$a 0001/BPAP-NTB/20142014